[Event "GER-chB Seniors 29th"]
[Site "Berlin"]
[Date "2017.08.10"]
[Round "3"]
[White "Hoelzel, Gerhard"]
[Black "Schellknecht, Joerg"]
[Result "0-1"]
[WhiteElo "1707"]
[BlackElo "1810"]
[PlyCount "88"]
[EventDate "2017.08.07"]
[EventType "swiss"]
[EventRounds "9"]
[EventCountry "GER"]
[SourceTitle "EXT 2019"]
[Source "ChessBase"]
[SourceDate "2018.10.10"]
[SourceVersion "1"]
[SourceVersionDate "2018.10.10"]
[SourceQuality "1"]

1. f4 d5 2. Nf3 e6 3. e3 Nf6 4. Be2 Be7 5. 0-0 0-0 6. d3 c5 7. c3 Nc6 8. Ne5 Qc7 9. Nxc6 Qxc6 10. Bf3 b6 11. b3 Bb7 12. Qe1 Rad8 13. Nd2 Qb5 14. c4 Qd7 15. e4 dxe4 16. dxe4 Qd4+ 17. Qf2 Qxa1 18. e5 Bxf3 19. exf6 Bxf6 20. Nxf3 Bd4 21. Nxd4 Qxd4 22. Be3 Qd3 23. h3 Rd7 24. Kh2 Rfd8 25. Rc1 Qe4 26. Re1 Rd1 27. Re2 Qb1 28. Qh4 Qd3 29. Qf2 Qb1 30. Qh4 Rh1+ 31. Kg3 Qg6+ 32. Kf3 Qf6 33. Qxf6 gxf6 34. Kg3 Kf8 35. Kh4 Rdd1 36. g4 Rhe1 37. Rd2 Rxd2 38. Bxd2 Re2 39. Bc3 Ke7 40. g5 fxg5+ 41. fxg5 Rxa2 42. Kh5 Kf8 43. Kh6 Kg8 44. h4 Ra3 0-1

[Event "Schleswig Holstein-ch Seniors op 9th"]
[Site "Buesum"]
[Date "2015.10.04"]
[Round "6"]
[White "Hoelzel, Gerhard"]
[Black "Duijker, Bert"]
[Result "0-1"]
[WhiteElo "1718"]
[BlackElo "1907"]
[PlyCount "116"]
[EventDate "2015.09.28"]
[EventType "swiss"]
[EventRounds "9"]
[EventCountry "GER"]
[SourceTitle "EXT 2018"]
[Source "ChessBase"]
[SourceDate "2017.10.13"]
[SourceVersion "1"]
[SourceVersionDate "2017.10.13"]
[SourceQuality "1"]

1. f4 g6 2. e3 d6 3. Nc3 c5 4. Nf3 Bg7 5. Bd3 Nc6 6. a3 a6 7. 0-0 b5 8. Ne4 e6 9. Rb1 Bb7 10. Nf2 Nge7 11. b3 Qc7 12. Bb2 Bxb2 13. Rxb2 d5 14. Be2 0-0-0 15. Ng5 Rdf8 16. Bg4 Nd8 17. d3 h6 18. Ngh3 Kb8 19. Bf3 f6 20. Qd2 Nf5 21. g3 d4 22. e4 Ne3 23. Re1 h5 24. Nd1 Ng4 25. Nhf2 f5 26. h3 Nf6 27. c4 h4 28. g4 fxg4 29. Nxg4 Nxg4 30. Bxg4 Qxf4 31. Qxf4+ Rxf4 32. Rf2 Rhf8 33. Rxf4 Rxf4 34. Rf1 Rxf1+ 35. Kxf1 Kc7 36. Kg2 Kd6 37. Nf2 Ke5 38. Kf3 Nf7 39. Ke2 Ng5 40. Nh1 Bc8 41. Nf2 Kf4 42. Nh1 Bd7 43. Nf2 Nf7 44. Nh1 Ne5 45. Nf2 Bc8 46. Kd2 Kg3 47. Ke2 Nxg4 48. hxg4 h3 49. Kf1 h2 50. Nh1+ Kxg4 51. Kg2 Kf4 52. Kxh2 Ke3 53. Kg2 Kxd3 54. Nf2+ Kc2 55. a4 bxa4 56. bxa4 d3 57. Kf3 d2 58. Ke2 e5 0-1

[Event "Schleswig Holstein-ch Seniors op 9th"]
[Site "Buesum"]
[Date "2015.09.30"]
[Round "3"]
[White "Hoelzel, Gerhard"]
[Black "Perk, Egbert"]
[Result "0-1"]
[WhiteElo "1718"]
[BlackElo "1916"]
[PlyCount "82"]
[EventDate "2015.09.28"]
[EventType "swiss"]
[EventRounds "9"]
[EventCountry "GER"]
[SourceTitle "EXT 2018"]
[Source "ChessBase"]
[SourceDate "2017.10.13"]
[SourceVersion "1"]
[SourceVersionDate "2017.10.13"]
[SourceQuality "1"]

1. f4 e5 2. fxe5 d6 3. Nf3 dxe5 4. e4 Bg4 5. Be2 Bxf3 6. Bxf3 Bc5 7. Qe2 c6 8. d3 Qb6 9. Nc3 Ne7 10. Na4 Qb4+ 11. Nc3 Bd4 12. Qd2 Qd6 13. Qe2 b5 14. Be3 Qb4 15. 0-0 Qxb2 16. Bxd4 exd4 17. Nxb5 Qxb5 18. Bh5 Ng6 19. Bxg6 hxg6 20. Qf2 0-0 21. Qxd4 Qb6 22. Qf2 Qxf2+ 23. Rxf2 c5 24. Rb1 Nd7 25. Rb7 Ne5 26. Rb5 Rfc8 27. h3 f6 28. Rd2 Rc7 29. Rd1 Rd8 30. Kf2 Rd4 31. Ke2 Ra4 32. Rb2 Rd7 33. Rdb1 c4 34. dxc4 Rxc4 35. Ke3 Rc3+ 36. Ke2 Rdc7 37. Kd1 Rg3 38. c4 Nxc4 39. Rb8+ Kh7 40. Re8 Rxg2 41. Rbb8 Ne3+ 0-1

[Event "Schleswig Holstein-ch Seniors op"]
[Site "Buesum"]
[Date "2014.09.26"]
[Round "2"]
[White "Bordasch, Christian"]
[Black "Hoelzel, Gerhard"]
[Result "0-1"]
[WhiteElo "1811"]
[BlackElo "1550"]
[PlyCount "70"]
[EventDate "2014.09.25"]
[EventType "swiss"]
[EventRounds "9"]
[EventCountry "GER"]
[SourceTitle "EXT 2018"]
[Source "ChessBase"]
[SourceDate "2017.10.13"]
[SourceVersion "1"]
[SourceVersionDate "2017.10.13"]
[SourceQuality "1"]

1. d4 Nf6 2. c4 g6 3. Nc3 Bg7 4. e4 d6 5. Nf3 0-0 6. Be2 c6 7. 0-0 Nbd7 8. Bg5 h6 9. Bh4 Kh7 10. h3 Re8 11. Qc2 e5 12. d5 c5 13. Nd2 g5 14. Bg3 Nf8 15. Nd1 Ng6 16. Ne3 Nf4 17. Bf3 Rh8 18. a3 h5 19. Qd1 Kg8 20. h4 Nh7 21. Bxh5 gxh4 22. Bh2 Qg5 23. Bf3 Nf6 24. Rb1 Bh6 25. Kh1 Kf8 26. Rg1 Qg6 27. b4 b6 28. Nef1 N6h5 29. Bxh5 Nxh5 30. g3 hxg3 31. fxg3 Nf6 32. Qe1 Ng4 33. Rb3 Bxd2 34. Qxd2 Qxe4+ 35. Qg2 Nf2# 0-1